Sa mga kuko ng liwanag / (Record no. 354742)
[ view plain ]
| 000 -LEADER | |
|---|---|
| fixed length control field | 00318nam a2200121Ia 4500 |
| 008 - FIXED-LENGTH DATA ELEMENTS--GENERAL INFORMATION | |
| fixed length control field | 180205s9999 xx 000 0 und d |
| 020 ## - INTERNATIONAL STANDARD BOOK NUMBER | |
| International Standard Book Number | 9789715846172 |
| 100 ## - MAIN ENTRY--PERSONAL NAME | |
| Personal name | Reyes, Edgardo M |
| 245 ## - TITLE STATEMENT | |
| Title | Sa mga kuko ng liwanag / |
| 250 ## - EDITION STATEMENT | |
| Edition statement | 2nd ed |
| 260 ## - PUBLICATION, DISTRIBUTION, ETC. (IMPRINT) | |
| Place of publication, distribution, etc | Quezon City |
| Name of publisher, distributor, etc | C & E bookshop |
| Date of publication, distribution, etc | 2007 |
| 300 ## - PHYSICAL DESCRIPTION | |
| Extent | vii, 158 pages |
| Withdrawn status | Lost status | Damaged status | Home library | Current library | Shelving location | Date acquired | Source of acquisition | Total Checkouts | Full call number | Barcode | Date last seen | Price effective from | Koha item type |
|---|---|---|---|---|---|---|---|---|---|---|---|---|---|
| College Library | College Library | Filipiniana Section | 02/05/2018 | Library Fund | PL 6058.9 .R457 2007 | C14996 | 05/08/2018 | 02/05/2018 | Books |